HARRY POTTER (Record no. 3872)
[ view plain ]
| 000 -LEADER | |
|---|---|
| fixed length control field | 00708nam a22001457a 4500 |
| 020 ## - INTERNATIONAL STANDARD BOOK NUMBER | |
| ISBN | 0-7475-6218-0 |
| 082 ## - DEWEY DECIMAL CLASSIFICATION NUMBER | |
| Classification number | 823 |
| Item number | ROW/H |
| 100 ## - MAIN ENTRY--AUTHOR NAME | |
| Personal name | ROWLING, J K |
| 245 ## - TITLE STATEMENT | |
| Title | HARRY POTTER |
| Remainder of title | AND THE CHAMBER OF SECRETS |
| 260 ## - PUBLICATION, DISTRIBUTION, ETC. (IMPRINT) | |
| Place of publication | LONDON |
| Name of publisher | BLOOMSBURY |
| Year of publication | 2002 |
| 300 ## - PHYSICAL DESCRIPTION | |
| Number of Pages | 251 |
| 520 ## - SUMMARY, ETC. | |
| Summary, etc | The second instalment of boy wizard Harry Potter's adventures at Hogwarts School of Witchcraft and Wizardry, based on the novel by JK Rowling. A mysterious elf tells Harry to expect trouble during his second year at Hogwarts, but nothing can prepare him for trees that fight back, flying cars, spiders that talk and deadly warnings written in blood on the walls of the school. |
| 650 ## - SUBJECT ADDED ENTRY--TOPICAL TERM | |
| Topical Term | NOVEL |
| Geographic subdivision | UNITED KINGDOM |
| 942 ## - ADDED ENTRY ELEMENTS (KOHA) | |
| Koha item type | Books |
| Withdrawn status | Lost status | Collection code | Home library | Current library | Shelving location | Date acquired | Source of acquisition | Full call number | Accession Number | Koha item type |
|---|---|---|---|---|---|---|---|---|---|---|
| Fiction | Main Library | Main Library | SHELF-14-K- ALPHABETICAL- R --ENGLISH NOVELS & FICTIONS | 06/07/2013 | purchase | 823 ROW/H | 07516 | Books | ||
| Fiction | Main Library | Main Library | SHELF-14-K- ALPHABETICAL- R --ENGLISH NOVELS & FICTIONS | 21/04/2015 | purchase | 823 ROW/H | 08497 | Books |